Los principios del arte

Gardado en:
Detalles Bibliográficos
Autor Principal: Collingwood, Robin George (Author)
Formato: Libro
Idioma:Lingua castelá
Publicado: Ciudad de México Fondo de Cultura Económica 1960
Subjects:
Tags: Engadir etiqueta
Sen Etiquetas, Sexa o primeiro en etiquetar este rexistro!

MARC

LEADER 00000nam a2200000 a 4500
001 UCV7781
003 CL-VaPUC
008 890816e19600000MX |||||||||||||||||spa|d
082 0 4 |a 701.17  |b COL  |2 21 
100 0 |a Collingwood, Robin George  |e author  |9 301902 
245 1 4 |a Los principios del arte 
300 |a 316 p 
942 |c BK 
945 |d 19890816 00:00:00 
260 |a Ciudad de México  |b Fondo de Cultura Económica  |c 1960 
500 |a Título original: The principles of art. 
650 0 |a Estética   |9 264950 
650 0 |a Filosofía del arte  |9 264951 
583 |a last modification  |c 20150625 09:26:03  |k Rodrigo Vera 
999 |c 213408  |d 213406 
952 |0 0  |1 0  |4 0  |6 701_170000000000000_COL_1960  |7 0  |8 A  |9 195761  |a BIBART  |b BIBART  |d 2019-11-14  |i 2637553  |o 701.17 COL 1960  |p 2637553  |r 2025-03-13  |w 2019-11-14  |y BK  |k ART 
952 |0 0  |1 0  |4 0  |6 701_170000000000000_COL_1960  |7 0  |8 A  |9 195762  |a BIBHIS  |b BIBHIS  |d 2019-11-14  |i 2637561  |o 701.17 COL 1960  |p 2637561  |r 2025-01-20  |w 2019-11-14  |y BK  |k HIS 
952 |0 0  |1 0  |4 0  |6 701_170000000000000_COL_1960  |7 0  |8 P  |9 195763  |a BIBARQ  |b BIBARQ  |d 2019-11-14  |i 263757K  |o 701.17 COL 1960  |p 263757K  |r 2025-01-20  |w 2019-11-14  |y BK  |k ARQ